000 00571nam a2200193Ia 4500
005 20250508164947.0
008 008 250505s9999 xx 000 0 hin d
037 _aDissertations
040 _aFEDL
_beng
_cFEDL
041 _ahin
_2eng
084 _a370.19, DYA/DI
_qFEDL
100 _aDyal Poonam
_9779595
245 0 _aTihaad jail ki mahila kaidiyon ke bacchon ki shiksha: Ek vritik addhyan
260 _c2010
300 _a76p.
546 _aM. Ed. Dissertation (Delhi University)
942 _cDIS
_h370.19, DYA/DI
999 _c1392294
_d1392294